Southville International School and Colleges
Your cart is empty.
  • Cart
  • Lists
    Public lists Eva Luna New books Lux_list list_1
    Your lists Log in to create your own lists
  • Log in to your account
  • Your cookies
  • Search history
Southville International School and Colleges
  • Advanced search
  • Recent comments
  • Most popular
  • Libraries

Log in to your account

Log in with GOOGLE


If you do not have an external account, but do have a local account, you can still log in:

  1. Home
  2. MARC view: Writing skills, ages 6-7 :
Normal view MARC view ISBD view

Writing skills, ages 6-7 : (Record no. 102807)

[ view plain ]
MARC details
000 -LEADER
fixed length control field 00605nam a2200193 a 4500
005 - DATE AND TIME OF LATEST TRANSACTION
control field 20140412111242.0
008 - FIXED-LENGTH DATA ELEMENTS--GENERAL INFORMATION
fixed length control field 020409s19uu xx 00 eng d
020 ## - INTERNATIONAL STANDARD BOOK NUMBER
International Standard Book Number 1-85758-720-0
050 ## - LIBRARY OF CONGRESS CALL NUMBER
Classification number TR(GS 372.634
Item number H316 1998
100 ## - MAIN ENTRY--PERSONAL NAME
Personal name Harris, Sarah
245 ## - TITLE STATEMENT
Title Writing skills, ages 6-7 :
Remainder of title key stage I learning workbook /
Statement of responsibility, etc Sarah Harris and Frances Asti.
260 ## - PUBLICATION, DISTRIBUTION, ETC. (IMPRINT)
Place of publication, distribution, etc London :
Name of publisher, distributor, etc Letts Educational,
Date of publication, distribution, etc 1998.
300 ## - PHYSICAL DESCRIPTION
Extent 40 p. ; ill.
440 ## - SERIES STATEMENT/ADDED ENTRY--TITLE
Title Letts Literacy
520 ## - SUMMARY, ETC.
Summary, etc Key stage I writing, ages 6-7
650 ## - SUBJECT ADDED ENTRY--TOPICAL TERM
Topical term or geographic name as entry element Writing
General subdivision Juvenile literature
650 ## - SUBJECT ADDED ENTRY--TOPICAL TERM
Topical term or geographic name as entry element Writing
General subdivision skills
Holdings
Withdrawn status Lost status Damaged status Use restrictions Home library Current library Shelving location Date acquired Source of acquisition Cost, normal purchase price Total Checkouts Full call number Barcode Date last seen Price effective from Koha item type
        Elizalde Library Elizalde Library Teachers Reference Section 04/09/2002   499.00   TR(GS 372.634 H316 1998 E2780 04/12/2014 04/12/2014 Books

Writing skills, ages 6-7 :

APA

Harris S., . (1998). Writing skills, ages 6-7. London: Letts Educational.

Chicago

Harris Sarah, . 1998. Writing skills, ages 6-7. London: Letts Educational.

Harvard

Harris S., . (1998). Writing skills, ages 6-7. London: Letts Educational.

MLA

Harris Sarah, . Writing skills, ages 6-7. London: Letts Educational. 1998.

  • Place hold
  • Print
  • Cite
  • Add to your cart (remove)
  • Save record
    BIBTEX Dublin Core MARCXML MARC (non-Unicode/MARC-8) MARC (Unicode/UTF-8) MARC (Unicode/UTF-8, Standard) MODS (XML) RIS
  • More searches
    Search for this title in:
    Other Libraries (WorldCat) Other Databases (Google Scholar) Online Stores (Bookfinder.com) Open Library (openlibrary.org)

Exporting to Dublin Core...

SOUTHVILLE LIBRARY

Southville International School and Colleges Library

1281 Tropical Ave. Cor. Luxembourg St., BF Homes International, Las Pinas City

Tel. No. 8256374 / 252358 Loc. 117/146

Powered by Koha